000 00335nam a22001337a 4500
008 230620b xxu||||| |||| 00| 0 eng d
020 _a900966726
082 _a323.16
_bMLA
100 _cEshmael Mlambo
245 _aRhodesia
_bThe Struggle for a Birthright
260 _aUK
_bC.Hurst & Co ltd
_c1972
300 _a333p
942 _2ddc
_cBK
999 _c1798
_d1798